Statistiques concernant Silhouettes de films des années 1990

Cliquez ici pour prendre le quiz!

Statistiques générales

  • Ce quiz a été pris 26 689 fois
  • Le résultat moyen est 7 sur 12

Réponses sur la Carte

Les réponses sont colorées sur une échelle allant du rouge au vert en fonction du pourcentage des utilisateurs qui les ont devinées à leur premier essai. Vous pouvez retrouver ces pourcentages ci-dessous.
 

Statistiques - réponses

Réponse% Correct
Le Roi Lion
98%
Titanic
96%
Jurassic Park
95%
Forrest Gump
90%
Scream
88%
Edward aux mains d'argent
77%
Toy Story
75%
Pretty Woman
36%
Reservoir Dogs
24%
Le Géant de Fer
19%
The Matrix
17%
Speed
16%

Distribution des résultats

Percentile par nombre de réponses

% des personnes avec chaque résultat

Votre développement - résultats

Vous n’avez pas pris ce quiz